Name that Polandball! - Statistics

General Stats
  • This quiz has been taken 613 times
  • The average score is 13 of 26
Answer Stats
Description Polandball % Correct
Vodka Russia
81%
Bork Sweden
76%
Deutschland Germany
75%
Obece US
75%
Top hat UK
73%
K-Pop South Korea
71%
Cube Israel
70%
Kawii Japan
69%
Lost war to Emu's Australia
68%
Surrender fag France
67%
Can't into Nordic Estonia
66%
Smoggy China
65%
Hue Hue Brazil
61%
Plumber Poland
61%
Norkia Finland
50%
Rawr Nepal
50%
"Eh" Canada
45%
Commie(Not Russia) Cuba
37%
Doctor Switzerland
32%
Fence Jumper Mexico
29%
Late for work Italy
24%
European wana-be Argentina
10%
Karaoke Philippines
8%
Lego Demark
7%
Kebab Hat Albania
6%
Cannot into potato Lavita
2%
No matching quizzes found
Score Distribution
Percent of People with Each Score
Percentile by Number Answered
Your Score History
You have not taken this quiz